00254nam a22000857a 4500082001200000245007500012260002600087650002900113650002600142 a600 SUS aSustainable Technologies for Developing Countries:the role of Chemists aColombobIchemcc2003 asustainable technologies aIchemc Annual sessios